| 000 | 00398nam a22001577a 4500 | ||
|---|---|---|---|
| 020 | _a9789384007461 | ||
| 082 |
_a576. _bVER/OB |
||
| 100 |
_aVerma,Deepak Kumar _91308 |
||
| 100 |
_aMohapatra,Balaram _91309 |
||
| 100 |
_aSrivastava,Shikha _91310 |
||
| 245 | _aObjective Agricultural MIicrobiology at a Glance | ||
| 250 | _a1 | ||
| 260 |
_aNew Delhi _bMedtec _c2015 |
||
| 300 | _a176 | ||
| 942 | _cBBS | ||
| 999 |
_c14742 _d14742 |
||